000 00798nam a2200241Ia 4500
003 GCL
008 140319s9999 xx 000 0 ara d
020 _a1271049960
040 _aGCL /
_cGCL
082 0 4 _a327
_bس ج
100 1 _aهشام الدجاني
245 1 0 _aجورج سوروس والعولمة /
_cهشام الدجاني
700 1 _aسوروس ، جورج
250 _aالاولى
260 _aالرياض :
_bمكتبة العبيكان ،
_c2003
300 _a222 ص ؛
_c22سم
650 0 4 _aالعلاقات الخارجية
650 0 4 _aالعلاقات الاقتصادية الدولية
650 0 4 _aصندوق النقد الدولى
650 0 4 _aالتجارة الدولية
650 0 4 _aمنظمة التجارة العالمية
942 _2ddc
_cBK
999 _c7163
_d7163